000 00751cam a22002533a 4500
001 11216
003 PGUSA
005 20140828083234.0
008 040201s2004||||xxu|||||s|||||000 1 eng d
040 _aPGUSA
_beng
042 _adc
050 4 _aPZ
100 1 _aPrice, Edith Ballinger,
_d1897-1997
245 1 4 _aThe Happy Venture
_h[electronic resource] /
_cEdith Ballinger Price
260 _bProject Gutenberg,
_c2004
500 _aIllustrated by the author.
506 _aPublic domain in the USA.
516 _aElectronic text
653 _aSick parents -- Juvenile fiction
653 _aBrothers and sisters -- Juvenile fiction
830 0 _aProject Gutenberg
_v11216
856 4 0 _uhttp://www.gutenberg.org/ebooks/11216
942 _cEB
999 _c240471
_d240471